Die 75 größten Schiffsunglücke der Geschichte - Statistiken

Allgemein
  • Dieses Quiz wurde 55 mal gespielt
  • Das Durchschnittsergebnis liegt bei 4 aus 75
Antwortstatistiken
Jahr Ursache(n) Schiff(e) / Fähre / Flotte % Korrekt
1912 Eisberg Titanic
98%
2012 menschl. Versagen Costa Concordia
47%
1994 Strömungen & 10m hohe Wellen ➡ Wassereinbruch Estonia
40%
1945 2 Kamikaze - Flieger USS Bismarck Sea (CVE - 95)
36%
1945 Torpedo Wilhelm Gustloff
36%
1915 Torpedo Lusitania
26%
1956 Kollision Andrea Doria
21%
1628 Konstruktionsfehler Vasa
15%
1945 Jagdfliegerbeschuss Cap Arcona
11%
1588 Seeschlacht & Sturm Spanische Armada
9%
1987 Überladung ➡ Kollision ➡ Brand Dona Paz
6%
1914 Kollision Empress of Ireland
6%
2014 Brand Norman Atlantic
6%
1941 jap. Kampfflieger US-Flotte (Pearl Harbor)
6%
1945 Torpedo Goya
4%
1987 Sturm ➡ gekentert im Ärmelkanal Harold of Free Enterprises
4%
2014 abrupte Kursänderung ➡ Kentern Sewol
4%
1945 Torpedo Steuben
4%
1854 Kollision Arctic
2%
1901 Unterwasserfelsen City of Rio de Janeiro
2%
1917 Kollision ➡ Explosion der Ladung Mont Blanc
2%
2008 Taifun Princess of Stars
2%
1986 Kollision Admiral Nachimow
0%
2006 Sturm ➡ Brand Al - Salam Bocca
0%
1944 Torpedo Arisan Maru
0%
1811 Orkan Baltikum - Konvoi / Defence / St. George / Hero
0%
1807 Zyklon Blenheim
0%
1996 Überfrachtung Bukoba
0%
1902 Zyklon Camorta
0%
1883 Kollision Cimbria
0%
1943 Unfall ➡ Explosion Dasher
0%
1986 Sturm Ekhlas Star
0%
2015 seeuntaugl. Boote & Überfüllung Flüchtlingsboote
0%
1944 Explosion ➡ Brand Fort Stikine
0%
1904 Brand General Slocum
0%
1807 Zyklon Java
0%
2002 Überladung & Sturm Joola
0%
1944 Torpedo Junyo Maru
0%
1912 Taifun Kiche Maru
0%
1948 Seemine Kjöbenhaven
0%
1921 Meuterei Kong Moh
0%
2000 Explosion Kursk
0%
1898 Kollision La Bourgogne
0%
1907 Kollision Larchmont
0%
1857 Kentern an Insel Lefort
0%
1905 Brand ➡ Munitionskammer - Explosion Mikasa
0%
1281 Taifun Mongolische Flotte
0%
1943 Explosion Mutsu
0%
1993 Überladung, Regen & schlechter Zustand Neptune
0%
1904 Strömungen & defekter Kompass➡ Auflaufen auf Riff Norge
0%
1949 Brand Noronic
0%
1955 Explosion Noworossik
0%
1957 Sturm Pamir
0%
1858 Dampfkessel - Explosion Pennsylvania
0%
492 v. Chr. Sturm Persische Flotte
0%
1953 Flutkatastrophe Princess Victoria
0%
255 v. Chr. Sturm Römische Flotte
0%
1944 Torpedo Ryusei Maru
0%
1943 Torpedo Scharnhorst
0%
1906 Riff Sirio
0%
1948 Seemine SS Kiangya
0%
1865 Dampfkessel - Explosion SS Sultana
0%
2015 Sturm Stern des Ostens
0%
1944 Torpedo Tango Maru
0%
1822 Riff Tek Sing
0%
1944 Torpedo Toyama Maru
0%
1954 Strömungen Toya Maru
0%
1963 Wassereinbruch Tresher
0%
1944 Torpedo Tsushima Maru
0%
1945 2 Kamikaze - Flieger USS Bunker Hill (CV - 17)
0%
1967 Flugzeug an Bord explodierte ➡ Kettenreaktion USS Forestal (CV - 59)
0%
1945 2 Kamikaze - Flieger & Jagdfliegerbeschuss USS Franklin (CV - 13)
0%
1891 Sturm ➡ Kollision Utopia
0%
1919 Hurrikan Valbanera
0%
1909 k.A. /spurlos verschwunden Waratah
0%
Keine übereinstimmenden Quizze gefunden
Verteilung der Resultate
Anzahl Personen mit jedem Resultat
Perzentil nach korrekt beantworteten Fragen
Ihre Resultats-Entwicklung
Sie haben dieses Quiz noch nicht gespielt